000
00217 a2200097 4500
001
25183
100
_a
Kahn, M
245
_a
Synthesis of transistor amplifiers
260
_a
_b
Holt, Rinehart
_c
090
_c
16968
_d
16968
942
_a
NUST-CAE
_c
M
_c
7744
999
_c
260256
_d
260256